000 01429nam1a2200325 4500
001 RU\NLR\BIBL_A\022045090
005 20240922035304.0
035 _a(RuMoRGB)012094153
035 _a(NLR Aleph) 022045090
090 _a12581214
_c12581214
100 _a20231010g20239999u y0rusy50 ca
101 0 _arus
102 _aRU
105 _a| z |||||
181 0 _ai3
_baxxe
181 0 _ab2
_bbb2e
182 0 _an
200 1 _aОсновоположники космонавтики
_eфотокнига
_fГлинских Вячеслав Николаевич, Глинских, Петр Вячеславович
203 _aТекст
_aИзображение
_bвизуальные
_cнепосредственные
210 _aБарнаул
_cНовый формат
_d2023
215 _d29
300 _aНа обл. 1-й авт.: Глинских В. Н., учитель физики и астрономии
606 1 _aЛетчики-космонавты
_jФотоальбомы
_yРоссия
_92623828
_3RU\NLR\AUTH\661560388
686 1 _aО6д(2)86я61
700 1 _aГлинских
_bВ. Н.
_f1950-
_gВячеслав Николаевич
701 1 _aГлинских
_bП. В.
_f1987-
_gПетр Вячеславович
852 _aNLR
_j2023-8/2658
942 _cBOOK